000 00670nam a2200229 i 4500
001 C2-0309815
003 PPAK
005 20180728100957.0
008 110602s1997 my |||| ||||| | eng d
020 _a9839918907
040 _aPPAK
_beng
_cPPAK
_erda
082 0 4 _a378.595072
_223
090 0 0 _a378.595072
_bPRO
_dR
245 0 0 _aProsiding
_bseminar penyelidikan UUM 1996
264 1 _aUniversiti Utara Malaysia :
_bPusat Penyelidikan dan Perundangan ,
_c1997
300 _avi, 500 pages ;
_c29 cm
336 _2rdacontent
_atext
337 _2rdamedia
_aunmediated
338 _2rdacarrier
_avolume
650 1 0 _aEducation, Higher - Malaysia.
942 _ddc
_cB
999 _c112336
_d112336